| 000 | 00701nam a2200193 i 4500 | ||
|---|---|---|---|
| 001 | 138096 | ||
| 003 | ES-MaACL | ||
| 005 | 20230906195513.0 | ||
| 007 | t| | ||
| 008 | 070214s1971 sp r ||||1| spa d | ||
| 100 | 1 |
_aSánchez de Palacios, Mariano, _d1906-1990 _9102595 |
|
| 245 | 1 | 0 |
_aSerafín y Joaquín Álvarez Quintero / _cMariano Sánchez de Palacios. |
| 260 |
_aMadrid : _b[s. n.], _c1971 ( _fGráf. Valera) |
||
| 300 |
_a63 p. ; _c21 cm. |
||
| 600 | 1 | 7 |
_aÁlvarez Quintero, Serafín, _d1871-1938- _xCrítica e interpretación _2 _9139240 |
| 600 | 1 | 7 |
_aÁlvarez Quintero, Joaquín, _d1873-1944- _xCrítica e interpretación _2 _9139239 |
| 852 |
_aES-MaACL _jL-6245 |
||
| 999 |
_c138096 _d138096 |
||